000 00718nam a2200289Ia 4500
001 Z_1036
003 CHAP
008 220113s1986 xx 000 0 und d
010 _a164116
040 _cCHAP
090 _aFolleto 261
100 _aCrespo, G
_928909
245 _aUtilización del estiércol vacuno para la producción de forraje /
_cpor G. Crespo y O. Arteaga
260 _aLa Habana, Cuba :
_bEdica,
_c1986
300 _a32 p. :
_bilus
440 _a
500 _a
503 _a
650 _aEstiércol de vaca
_938326
650 _aForrajes I. Arteaga, O. II. t.
_9138195
901 _aFolleto 261
902 _aA
910 _a1986
942 _cc14
942 _cc14
999 _c164116
_d164116